书目信息 |
| 题名: |
高校排球运动教学与训练发展研究
|
|
| 作者: | 王薇 著 | |
| 分册: | ||
| 出版信息: | 长春 吉林出版集团股份有限公司 2022.04 |
|
| 页数: | 249页 | |
| 开本: | 24cm | |
| 丛书名: | ||
| 单 册: | ||
| 中图分类: | G842.2 | |
| 科图分类: | ||
| 主题词: | 排球运动--体育教学--教学研究--高等学校 , 排球运动--运动训练--教学研究--高等学校 | |
| 电子资源: | ||
| ISBN: | 978-7-5731-0053-5 | |
| 000 | 00975nam0 2200241 450 | |
| 001 | 012001000749 | |
| 005 | 20140131171447.0 | |
| 010 | @a978-7-5731-0053-5@dCNY78.00 | |
| 100 | @a20220905d2022 em y0chiy50 ea | |
| 101 | 0 | @achi |
| 102 | @aCN@b220000 | |
| 105 | @aa z 000yy | |
| 106 | @ar | |
| 200 | 1 | @a高校排球运动教学与训练发展研究@Agao xiao pai qiu yun dong jiao xue yu xun lian fa zhan yan jiu@f王薇著 |
| 210 | @a长春@c吉林出版集团股份有限公司@d2022.04 | |
| 215 | @a249页@c图@d24cm | |
| 330 | @a本书主要内容包括:排球运动概述、高校排球运动教学及创新发展、高校排球运动训练及创新发展、高校排球运动学训理论指导、高校排球运动教学与训练基础、高校排球技术教学与训练指导、高校排球战术教学与训练指导、高校排球游戏教学与训练指导。 | |
| 606 | 0 | @a排球运动@x体育教学@x教学研究@x高等学校 |
| 606 | 0 | @a排球运动@x运动训练@x教学研究@x高等学校 |
| 690 | @aG842.2@v5 | |
| 701 | 0 | @a王薇@Awang wei@4著 |
| 801 | 0 | @aCN@bAHXH@c20221111 |
| 905 | @b1364996-5000@dG842.2@e2009@f5 | |
| 高校排球运动教学与训练发展研究/王薇著.-长春:吉林出版集团股份有限公司,2022.04 |
| 249页:图;24cm |
| ISBN 978-7-5731-0053-5:CNY78.00 |
| 本书主要内容包括:排球运动概述、高校排球运动教学及创新发展、高校排球运动训练及创新发展、高校排球运动学训理论指导、高校排球运动教学与训练基础、高校排球技术教学与训练指导、高校排球战术教学与训练指导、高校排球游戏教学与训练指导。 |
| ● |
| 相关链接 |
|
|
|
|
正题名:高校排球运动教学与训练发展研究
索取号:G842.2/2009
 
预约/预借
| 序号 | 登录号 | 条形码 | 馆藏地/架位号 | 状态 | 备注 |
| 1 | 1364996 | 213649961 | 第一样本阅览室/ [索取号:G842.2/2009] | 在馆 | |
| 2 | 1364997 | 213649970 | 教育系资料室/ [索取号:G842.2/2009] | 在馆 | |
| 3 | 1364998 | 213649989 | 教育系资料室/ [索取号:G842.2/2009] | 在馆 | |
| 4 | 1364999 | 213649998 | 第四借阅区/ [索取号:G842.2/2009] | 在馆 | |
| 5 | 1365000 | 213650002 | 第四借阅区/ [索取号:G842.2/2009] | 在馆 |